Molecular, cytological and morpho-agronomical characterization of hexaploid somatic hybrids in Medicago (Record no. 63229)

MARC details
000 -LEADER
fixed length control field 00520nam a2200181Ia 4500
100 ## - MAIN ENTRY--AUTHOR NAME
Personal name Pupilli F
245 #0 - TITLE STATEMENT
Title Molecular, cytological and morpho-agronomical characterization of hexaploid somatic hybrids in Medicago
260 ## - PUBLICATION, DISTRIBUTION, ETC. (IMPRINT)
Name of publisher Theoretical and Applied Genetics
Year of publication 1995
300 ## - PHYSICAL DESCRIPTION
Number of Pages 347-355
650 ## - SUBJECT ADDED ENTRY--TOPICAL TERM
Topical Term Meiotic analysis
650 ## - SUBJECT ADDED ENTRY--TOPICAL TERM
Topical Term RFLP
650 ## - SUBJECT ADDED ENTRY--TOPICAL TERM
Topical Term Somatic hybrids
700 ## - ADDED ENTRY--PERSONAL NAME
Personal name Businelli S
700 ## - ADDED ENTRY--PERSONAL NAME
Personal name Caceres M E
700 ## - ADDED ENTRY--PERSONAL NAME
Personal name Damiani F
942 ## - ADDED ENTRY ELEMENTS (KOHA)
Koha item type Journals
Holdings
Withdrawn status Lost status Damaged status Not for loan Home library Current library Shelving location Date acquired Serial Enumeration / chronology Koha item type
      Journals RRII Library RRII Library RFLP 17/12/2021 Volume 90, Issue 04-Mar Journals